| 000 | 00000nas##2200000za#4500 |
| 001 | 9.512407 |
| 003 | CaOODSP |
| 005 | 20200325120245 |
| 007 | ta |
| 008 | 150406c2007||||xxc|| p #||||f| |0fre|d |
| 022 | |a2290-6487 |
| 040 | |aCaOODSP|bfre |
| 041 | |aeng |
| 041 | |afre |
| 043 | |an-cn--- |
| 086 | 1 |aSO1 |
| 110 | 1 |aCanada.|bGouverneur général. |
| 245 | 10|aRapport annuel ..., Bureau du secrétaire du gouverneur général du Canada |
| 260 | |aOttawa - Ontario : |bGouverneure générale du Canada |
| 310 | |aAnnuel |
| 520 | 3 |aDécrivent les principales activités du Bureau, ainsi que le coût de la réalisation des programmes. |
| 776 | 0#|tRapport annuel |w(CaOODSP)9.503163 |
| 791 | |tAnnual report ..., Office of the Secretary to the Governor General of Canada |eeng|w(CaOODSP)9.512406 |